Normal view
MARC view
Entry Topical Term
001 - CONTROL NUMBER
- control field: 17460
003 - CONTROL NUMBER IDENTIFIER
- control field: dpl
005 - DATE AND TIME OF LATEST TRANSACTION
- control field: 20100830123035.0
008 - FIXED-LENGTH DATA ELEMENTS
- fixed length control field: 100830|||a|||||| | ||| d
040 ## - CATALOGING SOURCE
- Original cataloging agency: dpl
- Transcribing agency: dpl
150 ## - HEADING--TOPICAL TERM
- Topical term or geographic name as entry element:
- Topical term following geographic name as entry element: Motion picture music
- General subdivision: Excerpts.
- Geographic subdivision: India
670 ## - SOURCE DATA FOUND
- Source citation: Work cat.: (dpl): Sapno main mujhko pyar mila /
670 ## - SOURCE DATA FOUND
- Source citation: Work cat.: (dpl): Sapno main mujhko pyar mila /
